Library Banner

Misaal ke tor par (Urdu)(مثال کے طور پر) (Record no. 3463)

MARC details
000 -LEADER
fixed length control field 00597nam a2200181Ia 4500
001 - CONTROL NUMBER
control field 3213
003 - CONTROL NUMBER IDENTIFIER
control field OSt
005 - DATE AND TIME OF LATEST TRANSACTION
control field 20150702103201.0
008 - FIXED-LENGTH DATA ELEMENTS--GENERAL INFORMATION
fixed length control field 140317s9999 xx 000 0 und d
040 ## - CATALOGING SOURCE
Transcribing agency PK-LaUMT
082 ## - DEWEY DECIMAL CLASSIFICATION NUMBER
Classification number 891.4393
Item number SYE-M
100 ## - MAIN ENTRY--PERSONAL NAME
Personal name Syed Razi Termizi(سید رضی ترمزی)
245 ## - TITLE STATEMENT
Title Misaal ke tor par (Urdu)(مثال کے طور پر)
Statement of responsibility, etc Syed Razi Termizi(سید رضی ترمزی)
260 ## - PUBLICATION, DISTRIBUTION, ETC. (IMPRINT)
Place of publication, distribution, etc Lahore,Pakistan:(لاہور، پاکستان )
Name of publisher, distributor, etc Sang-e-Meel Publications,(سنگ میل پبلیکیشنز)
Date of publication, distribution, etc 1994
300 ## - PHYSICAL DESCRIPTION
Extent 303 p.
546 ## - LANGUAGE NOTE
Language note URDU
942 ## - ADDED ENTRY ELEMENTS (KOHA)
Koha item type Books
Source of classification or shelving scheme Dewey Decimal Classification
Holdings
Withdrawn status Lost status Damaged status Not for loan Home library Current library Date acquired Total Checkouts Full call number Barcode Date last seen Price effective from Koha item type
        UMT Main Campus UMT Main Campus 2014-03-17   891.4393 SYE-M 396 2015-07-02 2014-03-17 Books